Wind technology (Record no. 71423)

MARC details
000 -LEADER
fixed length control field 00967cam a2200193 4500
008 - FIXED-LENGTH DATA ELEMENTS--GENERAL INFORMATION
fixed length control field 021024n2002 000 0 eng u
035 ## - SYSTEM CONTROL NUMBER
System control number (Sirsi) u120227
245 ## - TITLE STATEMENT
Title Wind technology
260 ## - PUBLICATION, DISTRIBUTION, ETC.
Date of publication, distribution, etc. 2002
490 ## - SERIES STATEMENT
Series statement RICS Environment Faculty News
Volume/sequential designation 22 October 2002, (2)
520 ## - SUMMARY, ETC.
Summary, etc. Two schemes in North Wales and Norfolk are the first of 18 potential sites to achieve permission to develop offshore wind plants. Government has allocated almost £300m of direct financial support for green energy and aims to create a £2bn market for renewable energy by 2010. For the RICS Environment Faculty News Release: http://www.rics.org/ricscms/bin/show?class=News&template=/includes/shownews.html&id=4003&faculty=Environment&faculty=All%20Faculties
590 ## - LOCAL NOTE (RLIN)
Local note WB
650 ## - SUBJECT ADDED ENTRY--TOPICAL TERM
Topical term or geographic name entry element WIND ENERGY
650 ## - SUBJECT ADDED ENTRY--TOPICAL TERM
Topical term or geographic name entry element NORTH WALES
650 ## - SUBJECT ADDED ENTRY--TOPICAL TERM
Topical term or geographic name entry element NORFOLK
650 ## - SUBJECT ADDED ENTRY--TOPICAL TERM
Topical term or geographic name entry element RENEWABLES OBLIGATION
690 ## - LOCAL SUBJECT ADDED ENTRY--TOPICAL TERM (OCLC, RLIN)
Topical term or geographic name as entry element ENVIRONMENTAL AND LAND CONSULTANCY-ENVIRONMENTAL MANAGEMENT
942 ## - ADDED ENTRY ELEMENTS (KOHA)
Suppress in OPAC 0
Holdings
Withdrawn status Lost status Source of classification or shelving scheme Damaged status Not for loan Home library Current library Shelving location Date acquired Total Checkouts Barcode Date last seen Copy number Price effective from Koha item type
    Dewey Decimal Classification     London London News article 24/10/2002   120227-1001 06/08/2019 1 06/08/2019 News article